<?xml version="1.0" encoding="UTF-8"?>
<record
    xmlns:xsi="http://www.w3.org/2001/XMLSchema-instance"
    xsi:schemaLocation="http://www.loc.gov/MARC21/slim http://www.loc.gov/standards/marcxml/schema/MARC21slim.xsd"
    xmlns="http://www.loc.gov/MARC21/slim">

  <leader>01131    a2200193   4500</leader>
  <controlfield tag="003">NUST</controlfield>
  <controlfield tag="005">20230126183022.0</controlfield>
  <datafield tag="010" ind1=" " ind2=" ">
    <subfield code="a">34028456</subfield>
  </datafield>
  <datafield tag="040" ind1=" " ind2=" ">
    <subfield code="c">Nust</subfield>
  </datafield>
  <datafield tag="082" ind1=" " ind2=" ">
    <subfield code="a">900,TOM</subfield>
  </datafield>
  <datafield tag="100" ind1=" " ind2=" ">
    <subfield code="a">Tomlinson, Henry Major</subfield>
    <subfield code="9">107826</subfield>
  </datafield>
  <datafield tag="245" ind1=" " ind2=" ">
    <subfield code="a">South to Cadiz /</subfield>
    <subfield code="c">H. M. Tomlinson,</subfield>
  </datafield>
  <datafield tag="260" ind1=" " ind2=" ">
    <subfield code="a"> Harper &amp; brothers</subfield>
    <subfield code="b">New York and London</subfield>
    <subfield code="c">1934</subfield>
  </datafield>
  <datafield tag="300" ind1=" " ind2=" ">
    <subfield code="a">vii, 195, p.;</subfield>
    <subfield code="b">23 cm</subfield>
  </datafield>
  <datafield tag="505" ind1=" " ind2=" ">
    <subfield code="a">Spring Song (Page-1), Cloud Over Tarsish (Page-5), Victoria to Amiens (Page-9), Wagon-Lit (Page-13), A Glimpse of Waste Land (Page-16), The Spanish Legend (Page-32), Caf&#xE9; of the Revolutionists (Page-44), Morning in Madrid (Page-57), Bus to Toledo (Page-64), El Greco (Page-79), Mirage form the Escorial (Page-87), La Mancha (Page-98), Devotions at Ubeda (Page-107), Cordova (Page-114), Outlook on Sierra Morena (Page-124), A Spanish Road (Page-132), Seville (Page-139),The Cathedral (Page-150), Sherry (Page-159), Cadiz (Page-167), Malaga (Page-185), Cloudland (Page-194), The Alhambra (Page-198), hotel Balcony (Page-203). </subfield>
  </datafield>
  <datafield tag="600" ind1=" " ind2=" ">
    <subfield code="a">Tomlinson, Henry Major</subfield>
    <subfield code="9">107826</subfield>
  </datafield>
  <datafield tag="650" ind1=" " ind2=" ">
    <subfield code="a">South to Cadiz</subfield>
    <subfield code="9">107827</subfield>
  </datafield>
  <datafield tag="942" ind1=" " ind2=" ">
    <subfield code="2">ddc</subfield>
    <subfield code="c">BK</subfield>
    <subfield code="k">900,TOM</subfield>
  </datafield>
  <datafield tag="999" ind1=" " ind2=" ">
    <subfield code="c">186171</subfield>
    <subfield code="d">186171</subfield>
  </datafield>
  <datafield tag="952" ind1=" " ind2=" ">
    <subfield code="0">0</subfield>
    <subfield code="1">0</subfield>
    <subfield code="2">ddc</subfield>
    <subfield code="4">0</subfield>
    <subfield code="7">0</subfield>
    <subfield code="a">MCS</subfield>
    <subfield code="b">MCS</subfield>
    <subfield code="c">GEN</subfield>
    <subfield code="d">2016-12-12</subfield>
    <subfield code="o">900,TOM</subfield>
    <subfield code="p">MCS29820</subfield>
    <subfield code="r">2016-12-08</subfield>
    <subfield code="w">2016-12-12</subfield>
    <subfield code="y">BK</subfield>
    <subfield code="z">Almirah No.58, Shelf No.3</subfield>
  </datafield>
</record>
